{"text_format":"1","workbook":"xlsx","n_sheets":6,"sheets":["【作成例】","【10％】○○改修工事（10月分）","【軽減8％】○○改修工事（10月分）","【非課税】○○改修工事（10月分）","明細行マスタ","マスタ"],"not_rendered":{"charts":0,"images":1,"macros":1,"external_links":0,"defined_names":10,"comments":1,"pivot_tables":0},"unopened":[],"bounds":{"document_bytes":16777216,"sheet_cells":100000,"rows_first":2000,"rows_last":500,"rows_between":2000,"halvings":0,"cell_chars":16384,"cell_head_chars":4096},"cells_cut":0,"cells_raw":0,"read":"whole","date_system":"1900"}

{"sheet":"【作成例】","index":0,"n_rows":35,"n_cols":42,"rows_kept":35,"cut":false,"hidden":false,"merged":[[31,3,31,4],[28,3,28,4],[27,26,27,28],[25,3,25,4],[25,26,25,28],[28,33,28,37],[30,29,30,32],[31,5,31,6],[31,7,31,25],[25,5,25,6],[25,33,25,37],[29,5,29,6],[26,5,26,6],[30,5,30,6],[27,5,27,6],[29,3,29,4],[30,3,30,4],[5,3,6,7],[5,8,6,12],[5,13,6,14],[34,38,34,42],[34,32,34,37],[11,21,12,24],[24,7,24,25],[25,7,25,25],[26,7,26,25],[27,7,27,25],[30,7,30,25],[29,7,29,25],[24,26,24,28],[23,38,23,42],[23,29,23,32],[23,33,23,37],[23,7,23,25],[27,38,27,42],[27,33,27,37],[24,29,24,32],[25,29,25,32],[26,29,26,32],[28,7,28,25],[28,26,28,28],[9,4,10,8],[26,26,26,28],[28,5,28,6],[27,29,27,32],[15,4,16,9],[15,10,16,18],[17,4,18,9],[17,10,18,18],[28,29,28,32],[13,4,14,18],[24,3,24,4],[26,3,26,4],[27,3,27,4],[24,5,24,6],[9,15,10,15],[9,16,10,18],[33,38,33,42],[30,38,30,42],[29,38,29,42],[30,33,30,37],[29,33,29,37],[24,38,24,42],[25,38,25,42],[12,25,12,41],[33,32,33,37],[32,38,32,42],[31,26,31,28],[31,38,31,42],[26,38,26,42],[26,33,26,37],[29,26,29,28],[30,26,30,28],[31,33,31,37],[28,38,28,42],[31,29,31,32],[29,29,29,32],[32,32,32,37],[24,33,24,37],[0,13,1,30],[8,21,8,31],[8,32,8,42],[9,21,10,31],[9,32,10,42],[23,26,23,28],[15,21,16,24],[15,25,16,41],[23,5,23,6],[13,21,14,24],[13,25,14,38],[13,39,14,41],[22,3,22,42],[23,3,23,4],[3,32,3,34],[3,36,3,37],[3,39,3,40],[17,21,17,31],[17,32,17,42],[18,21,19,31],[18,32,19,42],[11,25,11,41],[5,16,6,27],[9,9,10,14]]}
[null,null,null,null,null,null,null,null,null,null,null,null,null,"請求書（兼請求明細書）"]
[]
[]
[null,null,null,"美保テクノス株式会社",null,null,null,null,null,null,null,null,null,"御中",null,null,null,null,null,null,null,null,null,null,null,null,null,null,"請求日",null,null,"：",2023,null,null,"年",10,null,"月",20,null,"日"]
[]
[null,null,null,"消費税率 ： ",null,null,null,null,10,null,null,null,null,"％",null,null,"▼ 下記のとおり請求いたします。"]
[]
[]
[null,null,null,null,null,null,null,null,null,null,null,null,null,null,null,null,null,null,null,null,null,"取引先コード",null,null,null,null,null,null,null,null,null,null,"登録番号"]
[null,null,null,null,"工事番号",null,null,null,null,20230123,null,null,null,null,null,"-",2,null,null,null,null,"3456",null,null,null,null,null,null,null,null,null,null,"T3270001003600"]
[]
[null,null,null,null,null,null,null,null,null,null,null,null,null,null,null,null,null,null,null,null,null,"(住所)",null,null,null,"鳥取県米子市昭和町２５"]
[null,null,null,null,"工事名および事業所名"]
[null,null,null,null,"○○様邸改修工事",null,null,null,null,null,null,null,null,null,null,null,null,null,null,null,null,"(会社名)",null,null,null,"○○建設有限会社",null,null,null,null,null,null,null,null,null,null,null,null,null,"社印"]
[]
[null,null,null,null,"美保テクノス\n担当者名",null,null,null,null,null,"昭和町太郎",null,null,null,null,null,null,null,null,null,null,"(代表者名)",null,null,null,"美保太郎"]
[]
[null,null,null,null,"請求額\n（税込）",null,null,null,null,null,13475,null,null,null,null,null,null,null,null,null,null,"電話番号",null,null,null,null,null,null,null,null,null,null,"FAX番号"]
[null,null,null,null,null,null,null,null,null,null,null,null,null,null,null,null,null,null,null,null,null,"( 0859 ) 33 - 9999",null,null,null,null,null,null,null,null,null,null,"(          )         -"]
[]
[]
[]
[null,null,null,"請求明細"]
[null,null,null,"月",null,"日",null,"品名　（規格・工種）",null,null,null,null,null,null,null,null,null,null,null,null,null,null,null,null,null,null,"単位",null,null,"数量",null,null,null,"単価",null,null,null,null,"金額"]
[null,null,null,7,null,8,null,"バイタルホルソー",null,null,null,null,null,null,null,null,null,null,null,null,null,null,null,null,null,null,"セット",null,null,1,null,null,null,2730,null,null,null,null,{"$f":"IF(AND(H25=\"\",AA25=\"\",AD25=\"\",AH25=\"\"),\"\",ROUND((AD25*AH25),0))","v":2730}]
[null,null,null,null,null,null,null,"ブルーシート",null,null,null,null,null,null,null,null,null,null,null,null,null,null,null,null,null,null,"枚",null,null,1,null,null,null,710,null,null,null,null,{"$f":"IF(AND(H26=\"\",AA26=\"\",AD26=\"\",AH26=\"\"),\"\",ROUND((AD26*AH26),0))","v":710}]
[null,null,null,null,null,null,null,"コロナシート",null,null,null,null,null,null,null,null,null,null,null,null,null,null,null,null,null,null,"枚",null,null,1,null,null,null,4500,null,null,null,null,4500]
[null,null,null,null,null,null,null,"クロステープ",null,null,null,null,null,null,null,null,null,null,null,null,null,null,null,null,null,null,"本",null,null,2,null,null,null,260,null,null,null,null,520]
[null,null,null,null,null,null,null,"ガラ袋",null,null,null,null,null,null,null,null,null,null,null,null,null,null,null,null,null,null,"枚",null,null,25,null,null,null,30,null,null,null,null,750]
[null,null,null,7,null,14,null,"シリコングレー",null,null,null,null,null,null,null,null,null,null,null,null,null,null,null,null,null,null,"式",null,null,6,null,null,null,310,null,null,null,null,{"$f":"IF(AND(H30=\"\",AA30=\"\",AD30=\"\",AH30=\"\"),\"\",ROUND((AD30*AH30),0))","v":1860}]
[null,null,null,null,null,null,null,"白マスキングテープ",null,null,null,null,null,null,null,null,null,null,null,null,null,null,null,null,null,null,"本",null,null,7,null,null,null,80,null,null,null,null,560]
[null,null,null,null,null,null,null,"シリコンクリア",null,null,null,null,null,null,null,null,null,null,null,null,null,null,null,null,null,null,"式",null,null,2,null,null,null,310,null,null,null,null,{"$f":"IF(AND(H32=\"\",AA32=\"\",AD32=\"\",AH32=\"\"),\"\",ROUND((AD32*AH32),0))","v":620}]
[null,null,null,null,null,null,null,null,null,null,null,null,null,null,null,null,null,null,null,null,null,null,null,null,null,null,null,null,null,null,null,null,"小計",null,null,null,null,null,{"$f":"SUM(AM25:AQ32)","v":12250}]
[null,null,null,null,null,null,null,null,null,null,null,null,null,null,null,null,null,null,null,null,null,null,null,null,null,null,null,null,null,null,null,null,"消費税",null,null,null,null,null,{"$f":"AM33*0.1","v":1225}]
[null,null,null,null,null,null,null,null,null,null,null,null,null,null,null,null,null,null,null,null,null,null,null,null,null,null,null,null,null,null,null,null,"合計",null,null,null,null,null,{"$f":"SUM(AM33:AQ34)","v":13475}]

{"sheet":"【10％】○○改修工事（10月分）","index":1,"n_rows":32,"n_cols":42,"rows_kept":32,"cut":false,"hidden":false,"merged":[[0,13,1,30],[11,21,12,24],[11,25,11,41],[12,25,12,41],[3,32,3,34],[3,36,3,37],[3,39,3,40],[5,16,6,27],[8,21,8,31],[8,32,8,42],[9,32,10,42],[9,4,10,8],[9,9,10,14],[9,15,10,15],[9,16,10,18],[9,21,10,31],[17,21,17,31],[17,32,17,42],[18,21,19,31],[18,32,19,42],[15,4,16,9],[17,4,18,9],[15,10,16,18],[17,10,18,18],[13,4,14,18],[13,21,14,24],[13,25,14,38],[13,39,14,41],[15,21,16,24],[15,25,16,41],[23,38,23,42],[24,38,24,42],[25,3,25,4],[25,5,25,6],[25,7,25,25],[25,26,25,28],[25,29,25,32],[25,33,25,37],[25,38,25,42],[24,3,24,4],[24,5,24,6],[24,7,24,25],[24,26,24,28],[24,29,24,32],[24,33,24,37],[26,38,26,42],[27,3,27,4],[27,5,27,6],[27,7,27,25],[27,26,27,28],[27,29,27,32],[27,33,27,37],[27,38,27,42],[26,3,26,4],[26,5,26,6],[26,7,26,25],[26,26,26,28],[26,29,26,32],[26,33,26,37],[31,32,31,37],[31,38,31,42],[28,38,28,42],[28,33,28,37],[29,32,29,37],[29,38,29,42],[28,29,28,32],[5,3,6,7],[5,8,6,12],[5,13,6,14],[30,32,30,37],[28,3,28,4],[28,5,28,6],[28,7,28,25],[28,26,28,28],[23,3,23,4],[23,5,23,6],[23,7,23,25],[23,26,23,28],[23,29,23,32],[23,33,23,37],[22,3,22,42],[30,38,30,42]]}
[null,null,null,null,null,null,null,null,null,null,null,null,null,"請求書（兼請求明細書）"]
[]
[]
[null,null,null,"美保テクノス株式会社",null,null,null,null,null,null,null,null,null,"御中",null,null,null,null,null,null,null,null,null,null,null,null,null,null,"請求日",null,null,"：",2023,null,null,"年",10,null,"月",20,null,"日"]
[]
[null,null,null,"消費税率 ： ",null,null,null,null,10,null,null,null,null,"％",null,null,"▼ 下記のとおり請求いたします。"]
[]
[]
[null,null,null,null,null,null,null,null,null,null,null,null,null,null,null,null,null,null,null,null,null,"取引先コード",null,null,null,null,null,null,null,null,null,null,"登録番号"]
[null,null,null,null,"工事番号",null,null,null,null,null,null,null,null,null,null,"-"]
[]
[null,null,null,null,null,null,null,null,null,null,null,null,null,null,null,null,null,null,null,null,null,"(住所)"]
[null,null,null,null,"工事名および事業所名"]
[null,null,null,null,null,null,null,null,null,null,null,null,null,null,null,null,null,null,null,null,null,"(会社名)",null,null,null,null,null,null,null,null,null,null,null,null,null,null,null,null,null,"社印"]
[]
[null,null,null,null,"美保テクノス\n担当者名",null,null,null,null,null,null,null,null,null,null,null,null,null,null,null,null,"(代表者名)"]
[]
[null,null,null,null,"請求額\n（税込）",null,null,null,null,null,null,null,null,null,null,null,null,null,null,null,null,"電話番号",null,null,null,null,null,null,null,null,null,null,"FAX番号"]
[null,null,null,null,null,null,null,null,null,null,null,null,null,null,null,null,null,null,null,null,null,"(          )         -",null,null,null,null,null,null,null,null,null,null,"(          )         -"]
[]
[]
[]
[null,null,null,"請求明細"]
[null,null,null,"月",null,"日",null,"品名　（規格・工種）",null,null,null,null,null,null,null,null,null,null,null,null,null,null,null,null,null,null,"単位",null,null,"数量",null,null,null,"単価",null,null,null,null,"金額"]
[]
[]
[]
[]
[]
[null,null,null,null,null,null,null,null,null,null,null,null,null,null,null,null,null,null,null,null,null,null,null,null,null,null,null,null,null,null,null,null,"小計"]
[null,null,null,null,null,null,null,null,null,null,null,null,null,null,null,null,null,null,null,null,null,null,null,null,null,null,null,null,null,null,null,null,"消費税"]
[null,null,null,null,null,null,null,null,null,null,null,null,null,null,null,null,null,null,null,null,null,null,null,null,null,null,null,null,null,null,null,null,"合計"]

{"sheet":"【軽減8％】○○改修工事（10月分）","index":2,"n_rows":32,"n_cols":42,"rows_kept":32,"cut":false,"hidden":false,"merged":[[3,32,3,34],[3,36,3,37],[3,39,3,40],[9,4,10,8],[9,9,10,14],[9,15,10,15],[9,16,10,18],[5,3,6,7],[5,8,6,12],[5,13,6,14],[5,16,6,27],[8,21,8,31],[8,32,8,42],[9,21,10,31],[9,32,10,42],[11,21,12,24],[11,25,11,41],[12,25,12,41],[13,4,14,18],[13,21,14,24],[13,25,14,38],[13,39,14,41],[23,38,23,42],[15,4,16,9],[15,10,16,18],[15,21,16,24],[15,25,16,41],[17,4,18,9],[17,10,18,18],[17,21,17,31],[17,32,17,42],[18,21,19,31],[18,32,19,42],[24,3,24,4],[24,5,24,6],[24,7,24,25],[24,26,24,28],[24,29,24,32],[25,3,25,4],[25,5,25,6],[25,7,25,25],[25,26,25,28],[25,29,25,32],[26,3,26,4],[26,5,26,6],[26,7,26,25],[26,26,26,28],[26,29,26,32],[27,3,27,4],[27,5,27,6],[27,7,27,25],[27,26,27,28],[27,29,27,32],[28,3,28,4],[28,5,28,6],[28,7,28,25],[28,26,28,28],[28,29,28,32],[31,32,31,37],[31,38,31,42],[28,33,28,37],[28,38,28,42],[29,32,29,37],[29,38,29,42],[30,32,30,37],[30,38,30,42],[0,13,1,30],[26,38,26,42],[27,33,27,37],[27,38,27,42],[26,33,26,37],[24,38,24,42],[25,33,25,37],[25,38,25,42],[24,33,24,37],[22,3,22,42],[23,3,23,4],[23,5,23,6],[23,7,23,25],[23,26,23,28],[23,29,23,32],[23,33,23,37]]}
[null,null,null,null,null,null,null,null,null,null,null,null,null,"請求書（兼請求明細書）"]
[]
[]
[null,null,null,"美保テクノス株式会社",null,null,null,null,null,null,null,null,null,"御中",null,null,null,null,null,null,null,null,null,null,null,null,null,null,"請求日",null,null,"：",2023,null,null,"年",10,null,"月",20,null,"日"]
[]
[null,null,null,"消費税率 ： ",null,null,null,null,"【軽減】  8",null,null,null,null,"％",null,null,"▼ 下記のとおり請求いたします。"]
[]
[]
[null,null,null,null,null,null,null,null,null,null,null,null,null,null,null,null,null,null,null,null,null,"取引先コード",null,null,null,null,null,null,null,null,null,null,"登録番号"]
[null,null,null,null,"工事番号",null,null,null,null,null,null,null,null,null,null,"-"]
[]
[null,null,null,null,null,null,null,null,null,null,null,null,null,null,null,null,null,null,null,null,null,"(住所)"]
[null,null,null,null,"工事名および事業所名"]
[null,null,null,null,null,null,null,null,null,null,null,null,null,null,null,null,null,null,null,null,null,"(会社名)",null,null,null,null,null,null,null,null,null,null,null,null,null,null,null,null,null,"社印"]
[]
[null,null,null,null,"美保テクノス\n担当者名",null,null,null,null,null,null,null,null,null,null,null,null,null,null,null,null,"(代表者名)"]
[]
[null,null,null,null,"請求額\n（税込）",null,null,null,null,null,null,null,null,null,null,null,null,null,null,null,null,"電話番号",null,null,null,null,null,null,null,null,null,null,"FAX番号"]
[null,null,null,null,null,null,null,null,null,null,null,null,null,null,null,null,null,null,null,null,null,"(          )         -",null,null,null,null,null,null,null,null,null,null,"(          )         -"]
[]
[]
[]
[null,null,null,"請求明細"]
[null,null,null,"月",null,"日",null,"品名　（規格・工種）",null,null,null,null,null,null,null,null,null,null,null,null,null,null,null,null,null,null,"単位",null,null,"数量",null,null,null,"単価",null,null,null,null,"金額"]
[]
[]
[]
[]
[]
[null,null,null,null,null,null,null,null,null,null,null,null,null,null,null,null,null,null,null,null,null,null,null,null,null,null,null,null,null,null,null,null,"小計"]
[null,null,null,null,null,null,null,null,null,null,null,null,null,null,null,null,null,null,null,null,null,null,null,null,null,null,null,null,null,null,null,null,"消費税"]
[null,null,null,null,null,null,null,null,null,null,null,null,null,null,null,null,null,null,null,null,null,null,null,null,null,null,null,null,null,null,null,null,"合計"]

{"sheet":"【非課税】○○改修工事（10月分）","index":3,"n_rows":32,"n_cols":42,"rows_kept":32,"cut":false,"hidden":false,"merged":[[3,32,3,34],[3,36,3,37],[3,39,3,40],[9,4,10,8],[9,9,10,14],[9,15,10,15],[9,16,10,18],[5,3,6,7],[5,8,6,12],[5,13,6,14],[5,16,6,27],[8,21,8,31],[8,32,8,42],[9,21,10,31],[9,32,10,42],[11,21,12,24],[11,25,11,41],[12,25,12,41],[13,4,14,18],[13,21,14,24],[13,25,14,38],[13,39,14,41],[23,38,23,42],[15,4,16,9],[15,10,16,18],[15,21,16,24],[15,25,16,41],[17,4,18,9],[17,10,18,18],[17,21,17,31],[17,32,17,42],[18,21,19,31],[18,32,19,42],[24,3,24,4],[24,5,24,6],[24,7,24,25],[24,26,24,28],[24,29,24,32],[25,3,25,4],[25,5,25,6],[25,7,25,25],[25,26,25,28],[25,29,25,32],[26,3,26,4],[26,5,26,6],[26,7,26,25],[26,26,26,28],[26,29,26,32],[27,3,27,4],[27,5,27,6],[27,7,27,25],[27,26,27,28],[27,29,27,32],[28,3,28,4],[28,5,28,6],[28,7,28,25],[28,26,28,28],[28,29,28,32],[31,32,31,37],[31,38,31,42],[28,33,28,37],[28,38,28,42],[29,32,29,37],[29,38,29,42],[30,32,30,37],[30,38,30,42],[0,13,1,30],[26,38,26,42],[27,33,27,37],[27,38,27,42],[26,33,26,37],[24,38,24,42],[25,33,25,37],[25,38,25,42],[24,33,24,37],[22,3,22,42],[23,3,23,4],[23,5,23,6],[23,7,23,25],[23,26,23,28],[23,29,23,32],[23,33,23,37]]}
[null,null,null,null,null,null,null,null,null,null,null,null,null,"請求書（兼請求明細書）"]
[]
[]
[null,null,null,"美保テクノス株式会社",null,null,null,null,null,null,null,null,null,"御中",null,null,null,null,null,null,null,null,null,null,null,null,null,null,"請求日",null,null,"：",2023,null,null,"年",10,null,"月",20,null,"日"]
[]
[null,null,null,"消費税率 ： ",null,null,null,null,"非課税",null,null,null,null,"％",null,null,"▼ 下記のとおり請求いたします。"]
[]
[]
[null,null,null,null,null,null,null,null,null,null,null,null,null,null,null,null,null,null,null,null,null,"取引先コード",null,null,null,null,null,null,null,null,null,null,"登録番号"]
[null,null,null,null,"工事番号",null,null,null,null,null,null,null,null,null,null,"-"]
[]
[null,null,null,null,null,null,null,null,null,null,null,null,null,null,null,null,null,null,null,null,null,"(住所)"]
[null,null,null,null,"工事名および事業所名"]
[null,null,null,null,null,null,null,null,null,null,null,null,null,null,null,null,null,null,null,null,null,"(会社名)",null,null,null,null,null,null,null,null,null,null,null,null,null,null,null,null,null,"社印"]
[]
[null,null,null,null,"美保テクノス\n担当者名",null,null,null,null,null,null,null,null,null,null,null,null,null,null,null,null,"(代表者名)"]
[]
[null,null,null,null,"請求額\n（税込）",null,null,null,null,null,null,null,null,null,null,null,null,null,null,null,null,"電話番号",null,null,null,null,null,null,null,null,null,null,"FAX番号"]
[null,null,null,null,null,null,null,null,null,null,null,null,null,null,null,null,null,null,null,null,null,"(          )         -",null,null,null,null,null,null,null,null,null,null,"(          )         -"]
[]
[]
[]
[null,null,null,"請求明細"]
[null,null,null,"月",null,"日",null,"品名　（規格・工種）",null,null,null,null,null,null,null,null,null,null,null,null,null,null,null,null,null,null,"単位",null,null,"数量",null,null,null,"単価",null,null,null,null,"金額"]
[]
[]
[]
[]
[]
[null,null,null,null,null,null,null,null,null,null,null,null,null,null,null,null,null,null,null,null,null,null,null,null,null,null,null,null,null,null,null,null,"小計"]
[null,null,null,null,null,null,null,null,null,null,null,null,null,null,null,null,null,null,null,null,null,null,null,null,null,null,null,null,null,null,null,null,"消費税"]
[null,null,null,null,null,null,null,null,null,null,null,null,null,null,null,null,null,null,null,null,null,null,null,null,null,null,null,null,null,null,null,null,"合計"]

{"sheet":"明細行マスタ","index":4,"n_rows":1,"n_cols":39,"rows_kept":1,"cut":false,"hidden":true,"merged":[[0,38,0,42],[1,3,1,4],[1,5,1,6],[1,7,1,25],[1,26,1,28],[1,29,1,32],[1,33,1,37],[1,38,1,42],[0,3,0,4],[0,5,0,6],[0,7,0,25],[0,26,0,28],[0,29,0,32],[0,33,0,37],[2,38,2,42],[3,3,3,4],[3,5,3,6],[3,7,3,25],[3,26,3,28],[3,29,3,32],[3,33,3,37],[3,38,3,42],[2,3,2,4],[2,5,2,6],[2,7,2,25],[2,26,2,28],[2,29,2,32],[2,33,2,37],[4,38,4,42],[5,3,5,4],[5,5,5,6],[5,7,5,25],[5,26,5,28],[5,29,5,32],[5,33,5,37],[5,38,5,42],[4,3,4,4],[4,5,4,6],[4,7,4,25],[4,26,4,28],[4,29,4,32],[4,33,4,37],[6,38,6,42],[7,3,7,4],[7,5,7,6],[7,7,7,25],[7,26,7,28],[7,29,7,32],[7,33,7,37],[7,38,7,42],[6,3,6,4],[6,5,6,6],[6,7,6,25],[6,26,6,28],[6,29,6,32],[6,33,6,37],[8,38,8,42],[9,3,9,4],[9,5,9,6],[9,7,9,25],[9,26,9,28],[9,29,9,32],[9,33,9,37],[9,38,9,42],[8,3,8,4],[8,5,8,6],[8,7,8,25],[8,26,8,28],[8,29,8,32],[8,33,8,37],[10,38,10,42],[11,3,11,4],[11,5,11,6],[11,7,11,25],[11,26,11,28],[11,29,11,32],[11,33,11,37],[11,38,11,42],[10,3,10,4],[10,5,10,6],[10,7,10,25],[10,26,10,28],[10,29,10,32],[10,33,10,37],[12,38,12,42],[13,3,13,4],[13,5,13,6],[13,7,13,25],[13,26,13,28],[13,29,13,32],[13,33,13,37],[13,38,13,42],[12,3,12,4],[12,5,12,6],[12,7,12,25],[12,26,12,28],[12,29,12,32],[12,33,12,37],[14,38,14,42],[15,3,15,4],[15,5,15,6],[15,7,15,25],[15,26,15,28],[15,29,15,32],[15,33,15,37],[15,38,15,42],[14,3,14,4],[14,5,14,6],[14,7,14,25],[14,26,14,28],[14,29,14,32],[14,33,14,37],[16,38,16,42],[17,3,17,4],[17,5,17,6],[17,7,17,25],[17,26,17,28],[17,29,17,32],[17,33,17,37],[17,38,17,42],[16,3,16,4],[16,5,16,6],[16,7,16,25],[16,26,16,28],[16,29,16,32],[16,33,16,37]]}
[null,null,null,"月",null,"日",null,"品名　（規格・工種）",null,null,null,null,null,null,null,null,null,null,null,null,null,null,null,null,null,null,"単位",null,null,"数量",null,null,null,"単価",null,null,null,null,"金額"]

{"sheet":"マスタ","index":5,"n_rows":32,"n_cols":6,"rows_kept":32,"cut":false,"hidden":true,"merged":[]}
["【年】","【月】","【日】",null,null,"【単位】"]
[2017,1,1,null,null,"式"]
[2018,2,2,null,null,"本"]
[2019,3,3,null,null,"セット"]
[2020,4,4,null,null,"台"]
[2021,5,5,null,null,"組"]
[2022,6,6,null,null,"箱"]
[2023,7,7,null,null,"車"]
[2024,8,8,null,null,"枚"]
[2025,9,9,null,null,"セット"]
[2026,10,10,null,null,"ケース"]
[2027,11,11,null,null,"ダース"]
[2028,12,12,null,null,"カートン"]
[2029,null,13,null,null,"車"]
[2030,null,14,null,null,"袋"]
[2031,null,15,null,null,"個"]
[2032,null,16,null,null,"ヶ所"]
[2033,null,17,null,null,"ｔ"]
[2034,null,18,null,null,"Kg"]
[2035,null,19,null,null,"ｇ"]
[null,null,20,null,null,"mg"]
[null,null,21,null,null,"mm"]
[null,null,22,null,null,"cm"]
[null,null,23,null,null,"ｍ"]
[null,null,24,null,null,"km"]
[null,null,25,null,null,"m2"]
[null,null,26,null,null,"m3"]
[null,null,27,null,null,"cc"]
[null,null,28,null,null,"cl"]
[null,null,29,null,null,"％"]
[null,null,30,null,null,"㌃"]
[null,null,31,null,null,"㌶"]